|
|
|
|
| LEADER |
01452nam a2200385 a 4500 |
| 001 |
EBC371054 |
| 003 |
MiAaPQ |
| 005 |
20200520144314.0 |
| 006 |
m o d | |
| 007 |
cr cn||||||||| |
| 008 |
060922s2007 ne a sb 001 0 eng |
| 010 |
|
|
|z 2006051679
|
| 020 |
|
|
|z 9004154809 (pbk. : alk. paper)
|
| 020 |
|
|
|z 9789004154803 (pbk. : alk. paper)
|
| 035 |
|
|
|a (MiAaPQ)EBC371054
|
| 035 |
|
|
|a (Au-PeEL)EBL371054
|
| 035 |
|
|
|a (CaPaEBR)ebr10270786
|
| 035 |
|
|
|a (CaONFJC)MIL191707
|
| 035 |
|
|
|a (OCoLC)437239276
|
| 040 |
|
|
|a MiAaPQ
|c MiAaPQ
|d MiAaPQ
|
| 043 |
|
|
|a a-si---
|
| 050 |
|
4 |
|a HF5548.85
|b .W669 2007
|
| 082 |
0 |
4 |
|a 158.7/2095957
|2 22
|
| 245 |
0 |
0 |
|a Work stress and coping among professionals
|h [electronic resource] /
|c edited by Chan Kwok-bun.
|
| 260 |
|
|
|a Leiden ;
|a Boston :
|b Brill,
|c 2007.
|
| 300 |
|
|
|a viii, 262 p. :
|b ill.
|
| 490 |
1 |
|
|a Social sciences in Asia,
|x 1567-2794 ;
|v v. 11
|
| 504 |
|
|
|a Includes bibliographical references (p. [243]-255) and index.
|
| 533 |
|
|
|a Electronic reproduction. Ann Arbor, MI : ProQuest, 2015. Available via World Wide Web. Access may be limited to ProQuest affiliated libraries.
|
| 650 |
|
0 |
|a Professional employees
|x Job stress
|z Singapore.
|
| 655 |
|
4 |
|a Electronic books.
|
| 700 |
1 |
|
|a Chan, Kwok B.
|
| 710 |
2 |
|
|a ProQuest (Firm)
|
| 830 |
|
0 |
|a Social sciences in Asia ;
|v v. 11.
|
| 856 |
4 |
0 |
|u https://ebookcentral.proquest.com/lib/matrademy/detail.action?docID=371054
|z Click to View
|